Les films de Robert Bresson - Statistiques

Statistiques générales
  • Ce quiz a été pris 40 fois
  • Le résultat moyen est 8 sur 13
Statistiques - réponses
Indices Film % Correct
1981, Tolstoï, Dernier L'argent
90%
1966, Âne, Pyrénées Au hasard Balthazar
84%
1967, Bernanos, Fillette Mouchette
84%
1959, Vol, Manie Pickpocket
81%
1974, Graal, Chevaliers Lancelot du lac
71%
1956, Devigny, Résistance Un condamné à mort s'est échappé
71%
1951, Bernanos, Grand Prix à Venise Journal d'un curé de campagne
68%
1971, Nocturne, Histoires Quatre nuits d'un rêveur
61%
1977, Ecologie, Berlinale Le diable probablement
58%
1945, Diderot, Paris Les Dames du bois de Boulogne
52%
1962, Justice, Guerre de Cent ans Procès de Jeanne d'Arc
52%
1943, Bonnes soeurs, Casting féminin Les Anges du péché
35%
1969, Dostoïevski, Amour Une femme douce
32%
Aucun quiz correspondant
Distribution des résultats
% des personnes avec chaque résultat
Percentile par nombre de réponses
Votre historique - résultats
Vous n’avez pas pris ce quiz